Представление документа в формате MARC21

Поле Инд. ПП Название Значение
Тип записи a
Библиографический уровень m
001 Контрольный номер RU/IS/BASE/264535299
005 Дата корректировки 20250328143252.1
008 Кодируемые данные 19951220
040 00 e Правила каталог. Л 951220
084 a Индекс другой классификации/Индекс ББК 85.103(2=411.2); 85.103(2Рос=Рус)
090 00 a Полочн. индекс 85.103(2=411.2)
x Авторский знак И 907
097 00 a 230
245 00 a Заглавие История русского искусства
c Ответственность под общей редакцией И. Э. Грабаря, В. С. Кеменова, В. Н. Лазарева
n Номер части/ раздела Т.11
260 00 a Место издания Москва
b Издательство АН СССР
c Дата издания 1957
300 00 a Объем 647 с.
b Иллюстрации/ тип воспроизводства ил.
336 a Термин вида содержания Текст
337 a Термин типа средства непосредственный
504 00 a Библиография Библиогр.
650 a Основная рубрика изобразительное искусство
a Основная рубрика искусство
a Основная рубрика история изобразительного искусства
653 00 a Ключевые слова XX век
a Ключевые слова архитектура
a Ключевые слова графика
a Ключевые слова декоративно-прикладное искусство
a Ключевые слова живопись
a Ключевые слова карикатуры
a Ключевые слова плакаты
a Ключевые слова Россия
a Ключевые слова русское искусство
a Ключевые слова скульптура
a Ключевые слова советское искусство
a Ключевые слова СССР
a Ключевые слова художественное творчество
a Ключевые слова художники
700 10 a Автор Грабарь И. Э.
e Роль лиц редактор
700 10 a Автор Кеменов В. С.
e Роль лиц редактор
700 10 a Автор Лазарев В. Н.
e Роль лиц редактор
901 t Тип документа m
952 a Тип литературы для КСУ ВШ НАУ